Iqtiṣādīyāt al-mālīyah al-ʻāmmah. (Record no. 46755)
[ view plain ]
| 000 -LEADER | |
|---|---|
| fixed length control field | 00613cam a22002291 4500 |
| 001 - CONTROL NUMBER | |
| control field | ne 64000531 |
| 003 - CONTROL NUMBER IDENTIFIER | |
| control field | DLC |
| 005 - DATE AND TIME OF LATEST TRANSACTION | |
| control field | 20260227111756.0 |
| 008 - FIXED-LENGTH DATA ELEMENTS--GENERAL INFORMATION | |
| fixed length control field | 890111s1962 xx a 000 0 ara |
| 010 ## - LIBRARY OF CONGRESS CONTROL NUMBER | |
| LC control number | ne 64000531 |
| 035 ## - SYSTEM CONTROL NUMBER | |
| System control number | (OCoLC)23523842 |
| 040 ## - CATALOGING SOURCE | |
| Original cataloging agency | DLC |
| Transcribing agency | MiU |
| Modifying agency | DLC |
| 042 ## - AUTHENTICATION CODE | |
| Authentication code | premarc |
| 050 00 - LIBRARY OF CONGRESS CALL NUMBER | |
| Classification number | HJ191.A72 |
| Item number | S2 |
| 100 1# - MAIN ENTRY--PERSONAL NAME | |
| Personal name | Saʻīd, Jamāl al-Dīn Muḥammad. |
| 245 10 - TITLE STATEMENT | |
| Title | Iqtiṣādīyāt al-mālīyah al-ʻāmmah. |
| 260 ## - PUBLICATION, DISTRIBUTION, ETC. | |
| Date of publication, distribution, etc. | [1962] |
| 300 ## - PHYSICAL DESCRIPTION | |
| Extent | 5, 559 p. |
| Other physical details | diagrs. |
| Dimensions | 24 cm. |
| 500 ## - GENERAL NOTE | |
| General note | Romanized. |
| 650 #0 - SUBJECT ADDED ENTRY--TOPICAL TERM | |
| Topical term or geographic name entry element | Finance, Public |
| 700 2# - ADDED ENTRY--PERSONAL NAME | |
| Personal name | ʻAbd al-Malik, Minays Asʻad, |
| Dates associated with a name | 1915- |
No items available.